000
00341nam a22001457a 4500
008
230612b ||||| |||| 00| 0 eng d
020
_a
9781133602507
041
_a
eng
080
_2
5TH EDITION
_a
621
082
_a
621HAD
100
_a
19
101
_a
MI
245
_a
AUTOMOTIVE ENGINE REPAIR REBUILDING
_c
HADFIELD.CH
942
_2
udc
_c
BK
999
_c
59936
_d
59936